000 01716nam0a22003491 4500
001 RU\NLR\Evr\8691
005 20251202160538.0
035 _a(NLR Aleph) 011425064
090 _a11623670
_c11623670
100 _a20151026d1932 u y0rusy50 ca
101 1 _cger
_ayid
102 _aRU
105 _ay |||||||||
200 1 _6a01
_7ba
_aDi geshikhte funem Tsveytn Internatsional
_fYozef Lents
_gMit a forvort fun Karl Radek; fun daytsh - Sh. Koshevnik
210 _6a01
_aMoskve
_cEmes
_d1932
_7ba
210 _6a01
_9z02
_aמאָסקווע
_cעמעס
_d1932
210 _9z02
_aМосква
_cЭмес
_d1932
_7ca
215 _a320 с.
_d22 см.
316 _aНа книге имеются пометы и наклейки, свидетельствующие о том, что она находилась в Отделе специального хранения ГПБ
_5NLR
510 1 _6a01
_aדי געשיכטע פונעם צווייטן אינטערנאציאָנאל
_fיאָזעף לענץ
_gמיט א פאָרוואָרט פון קארל ראדעק; פון דייטש - ש. קאָשעווניק
541 1 _aИстория Второго Интернационала
_zrus
700 1 _6a01
_aЛенц
_bИ.
_gИосиф
_3RU\NLR\AUTH\7958549
_4070
_7ca
702 1 _aКошевник
_bШ.
_3RU\NLR\AUTH\7949505
_4730
_7ca
702 1 _4080
_aРадек
_bК. Б.
_cпартийный деятель, журналист
_f1885-1939
_gКарл Бернгардович
_9141316
_3RU\NLR\AUTH\770141352
801 0 _aRU
_bNLR
_c20151026
_gpsbo
801 0 _aRU
_bNLR
_gPSBO
801 1 _aRU
_bNLR
_c20151026
_2rusmarc
852 _aNLR
_bОЛСАА/идиш
_jМ-1380
942 _cBOOK
980 _aNB
980 1 _aIDISH